Aktuality výpočetní techniky VÚMS/ZAVT 60

Guardado en:
Detalles Bibliográficos
Formato: Libro
Lenguaje:checo
Publicado: Praha Výzkumný ústav matematických strojů 1986
Edición:1. vyd.
Etiquetas: Agregar Etiqueta
Sin Etiquetas, Sea el primero en etiquetar este registro!

MARC

LEADER 00000nam a2200000 4500
001 c036713
005 20221220070927.1
041 0 |a cze 
044 |a CZ 
245 1 0 |a Aktuality výpočetní techniky VÚMS/ZAVT 60 
250 |a 1. vyd. 
264 1 |a Praha  |b Výzkumný ústav matematických strojů  |c 1986 
300 |a 112 s.